• 首页
  • 本馆介绍
  • 公告通知
  • 最新文献
  • 馆藏检索
  • 电子资源
  • 读者导购
  • 参考咨询
  • 我的图书馆
  • 登录
  • 详细信息显示
  • 放入我的书架
  • 预约/预借图书
  • 作者相关作品
  • 分类相关作品
  • 丛书相关作品
  • 出版社相关作品

书目信息

  • 表格格式
  • 工作单格式
  • 卡片格式
题名:
绿色粮食作物营养生物技术
    
 
作者: 张智策 主编
分册:  
出版信息: 哈尔滨   黑龙江科学技术出版社  2018.03
页数: 148页
开本: 24cm
丛书名: 《助力脱贫攻坚 共享绿色发展》丛书
单 册:
中图分类: S51
科图分类:
主题词: 粮食作物--liang shi zuo wu--栽培技术--无污染技术
电子资源:
ISBN: 978-7-5388-9565-0
000 00967nam 2200253 450
001 0109110157
005 20201109110337.0
010    @a978-7-5388-9565-0@dCNY20.00
100    @a20190911e20202018em y0chiy50 ea
101 0  @achi
102    @aCN@b230000
105    @ay z 000yy
106    @ar
200 1  @a绿色粮食作物营养生物技术@Alv se liang shi zuo wu ying yang sheng wu ji shu@f张智策主编
210    @a哈尔滨@c黑龙江科学技术出版社@d2018.03@h2020.01
215    @a148页@d24cm
225 2  @a《助力脱贫攻坚 共享绿色发展》丛书@Azhu li tuo pin gong jian gong xiang lv se fa zhan cong shu
330    @a本书共七章,包括:绿色粮食作物营养生物基础、绿色小麦营养生物技术、绿色玉米营养生物技术、绿色大豆营养生物技术等。
461  0 @12001 @a《助力脱贫攻坚 共享绿色发展》丛书
606 0  @a粮食作物@Aliang shi zuo wu@x栽培技术@x无污染技术
690    @aS51@v5
701  0 @a张智策@Azhang zhi ce@4主编
801  0 @aCN@bBJSZM@c20201103
905    @b1240153-5@dS51@e128@f3
    
    绿色粮食作物营养生物技术/张智策主编.-哈尔滨:黑龙江科学技术出版社,2018.03(2020.01)
    148页;24cm.-(《助力脱贫攻坚 共享绿色发展》丛书)
    
    
    ISBN 978-7-5388-9565-0:CNY20.00
    本书共七章,包括:绿色粮食作物营养生物基础、绿色小麦营养生物技术、绿色玉米营养生物技术、绿色大豆营养生物技术等。
●
相关链接 在E读中查询图书 在五车中查询图书 在当当中查询图书 在豆瓣中查询图书


正题名:绿色粮食作物营养生物技术     索取号:S51/128         预约/预借

序号 登录号 条形码 馆藏地/架位号 状态 备注
1 1240153   212401532   第二样本阅览室/ [索取号:S51/128] 在馆    
2 1240154   212401541   第三借阅区/ [索取号:S51/128] 在馆    
3 1240155   212401550   第三借阅区/ [索取号:S51/128] 在馆    
唐山师范学院图书馆 欢迎您!
大连网信软件有限公司© 版权所有